header

Combinatorics (Record no. 36727)

MARC details
000 -LEADER
fixed length control field 01514nam a2200337 a 4500
082 04 - DEWEY DECIMAL CLASSIFICATION NUMBER
Classification number 511.6
100 1# - MAIN ENTRY--AUTHOR NAME
Personal name Mazur, David R.
245 10 - TITLE STATEMENT
Title Combinatorics
260 ## - PUBLICATION, DISTRIBUTION, ETC. (IMPRINT)
Place of publication Washington, D.C. :
Name of publisher Mathematical Association of America,
Year of publication c2010.
300 ## - PHYSICAL DESCRIPTION
Number of Pages xviii, 391 p. :
Other physical details ill.
505 0# - FORMATTED CONTENTS NOTE
Formatted contents note Ch. 1 . Principles of Combinatorics -- ch. 2. Distributions and Combinatorial Proofs -- ch. 3. Algebraic Tools -- ch. 4. Famous Number Families -- ch. 5. Counting Under Equivalence -- ch. 6. Combinatorics on Graphs -- ch. 7. Designs and Codes -- ch. 8. Partially Ordered Sets.
650 #0 - SUBJECT ADDED ENTRY--TOPICAL TERM
Topical Term Combinatorial analysis.
856 40 - ELECTRONIC LOCATION AND ACCESS
Uniform Resource Identifier http://site.ebrary.com/lib/rucke/Doc?id=10733079

No items available.

© 2026 Rongo University
Contact us: librarian | system librarian | Rongo university